Managerial problems of the public sector in India. (Record no. 73607)
[ view plain ]
| 000 -LEADER | |
|---|---|
| fixed length control field | 00640cam a22002291 4500 |
| 001 - CONTROL NUMBER | |
| control field | sa 67003065 |
| 003 - CONTROL NUMBER IDENTIFIER | |
| control field | DLC |
| 005 - DATE AND TIME OF LATEST TRANSACTION | |
| control field | 20260227112335.0 |
| 008 - FIXED-LENGTH DATA ELEMENTS--GENERAL INFORMATION | |
| fixed length control field | 760716s1967 ii a b 001 0 eng |
| 010 ## - LIBRARY OF CONGRESS CONTROL NUMBER | |
| LC control number | sa 67003065 |
| 035 ## - SYSTEM CONTROL NUMBER | |
| System control number | (OCoLC)2314812 |
| 040 ## - CATALOGING SOURCE | |
| Original cataloging agency | DLC |
| Transcribing agency | NBuU |
| Modifying agency | DLC |
| 042 ## - AUTHENTICATION CODE | |
| Authentication code | premarc |
| 050 00 - LIBRARY OF CONGRESS CALL NUMBER | |
| Classification number | HD4293 |
| Item number | .L64 |
| 082 ## - DEWEY DECIMAL CLASSIFICATION NUMBER | |
| Classification number | 354.54 |
| 100 1# - MAIN ENTRY--PERSONAL NAME | |
| Personal name | Lotia, Chandrakant, |
| Dates associated with a name | 1932- |
| 245 10 - TITLE STATEMENT | |
| Title | Managerial problems of the public sector in India. |
| 260 ## - PUBLICATION, DISTRIBUTION, ETC. | |
| Place of publication, distribution, etc. | Bombay, |
| Name of publisher, distributor, etc. | Manaktalas |
| Date of publication, distribution, etc. | [1967] |
| 300 ## - PHYSICAL DESCRIPTION | |
| Extent | ix, 327 p. |
| Other physical details | illus. |
| Dimensions | 22 cm. |
| 504 ## - BIBLIOGRAPHY, ETC. NOTE | |
| Bibliography, etc. note | Bibliography: p. 321-324. |
| 650 #0 - SUBJECT ADDED ENTRY--TOPICAL TERM | |
| Topical term or geographic name entry element | Government business enterprises |
| Geographic subdivision | India. |
No items available.